Online Catalogue and eLibrary

Women and environment in the third world : (Record no. 1478)

MARC details
000 -LEADER
fixed length control field 00512nam a2200193Ia 4500
005 - DATE AND TIME OF LATEST TRANSACTION
control field 20240605001205.0
008 - FIXED-LENGTH DATA ELEMENTS--GENERAL INFORMATION
fixed length control field 240331s9999 xx 000 0 und d
020 ## - INTERNATIONAL STANDARD BOOK NUMBER
ISBN 1853830038
082 ## - DDC Classification
Item Number - Author Mark DAN
Class No. 304
100 ## - MAIN ENTRY--PERSONAL NAME
Personal name Dankelman, I
100 ## - MAIN ENTRY--PERSONAL NAME
Personal name Davidson,J
245 #0 - TITLE STATEMENT
Title Women and environment in the third world :
Remainder of title alliance for future
260 ## - PUBLICATION, DISTRIBUTION, ETC.
Place of publication, distribution, etc. London
Name of publisher, distributor, etc. Earthscan Publicatinos Limited
Date of publication, distribution, etc. 1988
300 ## - PHYSICAL DESCRIPTION
Extent (e.g. Volumes, Pages etc.) xiii,210 p.,
650 ## - SUBJECT ADDED ENTRY--TOPICAL TERM
Topical term or geographic name entry element Women
650 ## - SUBJECT ADDED ENTRY--TOPICAL TERM
Topical term or geographic name entry element Environment
650 ## - SUBJECT ADDED ENTRY--TOPICAL TERM
Topical term or geographic name entry element Third World
942 ## - Koha item type (Biblio)
Koha item type Books in Stacks (Lending)
Holdings
Lost status Damaged status Collection code Home library Current library Shelving location Date acquired Full call number Accession Number Item type
    Lending WERC Library WERC Library Social Science Cupboard 03/31/2024 304.2 DAN 1150 Books in Stacks (Lending)

© WERC Library